[Event "SR 4. liga A21 2015/2016"]
[Site "?"]
[Date "2015.10.04"]
[Round "1.3"]
[White "Lauko, Tomas"]
[Black "Musaev, Matej Elbek"]
[Result "0-1"]
[WhiteElo "1709"]
[BlackElo "1392"]
[PlyCount "124"]
[EventDate "2015.??.??"]

1. e4 c5 2. c4 Nc6 3. Nf3 e5 4. Nc3 Nf6 5. d3 a6 6. Nd5 Bd6 7. Bg5 Be7 8. Qd2
d6 9. a4 Nxd5 10. cxd5 Bxg5 11. Nxg5 Nd4 12. Nf3 Nb3 13. Qd1 Nxa1 14. Qxa1 Bd7
15. Nd2 b5 16. a5 O-O 17. Be2 f5 18. g3 f4 19. g4 Qc7 20. h3 Rab8 21. b3 b4 22.
Nc4 Bb5 23. f3 Bxc4 24. dxc4 Qe7 25. h4 Rf6 26. Kd2 Rh6 27. h5 g6 28. Bf1 gxh5
29. gxh5 Kh8 30. Qa4 Qc7 31. Rh4 Rd8 32. Qc6 Qxc6 33. dxc6 Rc8 34. Bh3 Rxc6 35.
Bg4 Rc7 36. Ke2 Rf6 37. Rh2 Rf8 38. Rh1 Rg7 39. Rd1 Rd8 40. Kf2 Kg8 41. Rd2 Kf7
42. Kg2 Ke7 43. Kh3 Rdg8 44. Rg2 Rg5 45. Kh4 Kf6 46. Rg1 h6 47. Rg2 Ke7 48. Rg1
R5g7 49. Rg2 d5 50. cxd5 Kd6 51. Rc2 Rc7 52. Rc4 Rb8 53. Rc2 Rb5 54. Ra2 c4 55.
bxc4 Rxc4 56. Bh3 b3 57. Rg2 b2 58. Rg6+ Kc5 59. Bf1 Kd4 60. d6 b1=Q 61. d7 Rb8
62. Rd6+ Kc5 0-1

[Event "SR 4. liga A21 2015/2016"]
[Site "?"]
[Date "2015.10.04"]
[Round "1.3"]
[White "Musaev, Urmat"]
[Black "Barcaj, Jaroslav"]
[Result "1-0"]
[WhiteElo "1000"]
[BlackElo "1620"]
[PlyCount "55"]
[EventDate "2015.??.??"]

1. e4 c5 2. Bc4 e6 3. Nc3 a6 4. a4 Nc6 5. Nf3 Qc7 6. O-O Nf6 7. Re1 d6 8. d4
cxd4 9. Nxd4 g6 10. Bg5 Bg7 11. Nxc6 Qxc6 12. Qd4 e5 13. Qd3 O-O 14. Bb3 Re8
15. Qf3 Bg4 16. Qg3 Be6 17. Rad1 Bxb3 18. cxb3 h6 19. Bc1 Rac8 20. h3 Re6 21.
Nd5 Qc2 22. Rd2 Qc5 23. Nxf6+ Bxf6 24. Rd3 g5 25. Rc3 Qb4 26. Rxc8+ Kg7 27. Qc3
Qb6 28. Be3 1-0

[Event "SR 4. liga A21 2015/2016"]
[Site "?"]
[Date "2015.10.04"]
[Round "1.4"]
[White "Vogl, Zdenek"]
[Black "Ocko, Martin"]
[Result "1/2-1/2"]
[WhiteElo "1906"]
[BlackElo "1948"]
[PlyCount "85"]
[EventDate "2015.??.??"]

1. e4 c5 2. Nf3 a6 3. d4 cxd4 4. Nxd4 Nf6 5. Nc3 e5 6. Nf3 Bb4 7. Bd2 Qc7 8.
Bd3 O-O 9. O-O Bxc3 10. Bxc3 d6 11. Qe2 Nc6 12. Rad1 b5 13. h3 Ne7 14. Nh4 Ng6
15. Nxg6 hxg6 16. Bb4 Nh5 17. Bd2 Qe7 18. g4 Nf6 19. Bg5 Qe6 20. c4 Bd7 21. b3
bxc4 22. Bxc4 Bb5 23. Bxf6 Qxf6 24. Bxb5 axb5 25. Rd5 b4 26. Rfd1 Rfd8 27. Rb5
Rdb8 28. Rdd5 Rc8 29. Rd3 Rc3 30. Rbd5 Kh7 31. Rxd6 Qf4 32. Rxc3 bxc3 33. a4
Rc8 34. Qc2 Qf3 35. Kh2 f5 36. gxf5 gxf5 37. exf5 e4 38. Rd5 Rf8 39. Kg1 e3 40.
Re5 exf2+ 41. Qxf2 Qd1+ 42. Kh2 Qxb3 43. Rc5 1/2-1/2

[Event "SR 4. liga A21 2015/2016"]
[Site "?"]
[Date "2015.10.04"]
[Round "1.4"]
[White "Diviak, Rastislav"]
[Black "Hrubsa, Marian"]
[Result "0-1"]
[WhiteElo "1955"]
[BlackElo "1784"]
[PlyCount "74"]
[EventDate "2015.??.??"]

1. e4 e6 2. d4 d5 3. Nd2 Nf6 4. e5 Nfd7 5. Bd3 c5 6. c3 Nc6 7. Ne2 cxd4 8. cxd4
f6 9. exf6 Nxf6 10. O-O Bd6 11. Nf3 O-O 12. Bf4 Bxf4 13. Nxf4 Ne4 14. Ne2 Rxf3
15. gxf3 Ng5 16. f4 Nh3+ 17. Kh1 Qh4 18. Qe1 Nxf4 19. Nxf4 Qxf4 20. Qe3 Qxd4
21. Qxd4 Nxd4 22. Rfe1 Bd7 23. Rad1 Nf3 24. Re3 Rf8 25. Kg2 Nh4+ 26. Kg3 g5 27.
Re5 Rf3+ 28. Kg4 h6 29. Rd2 Rf4+ 30. Kg3 Nf3 31. Ree2 Nxd2 32. Rxd2 Kg7 33. Rc2
Bc6 34. a3 Kf6 35. b4 d4 36. Be2 d3 37. Bxd3 Rf3+ 0-1

[Event "SR 4. liga A21 2015/2016"]
[Site "?"]
[Date "2015.10.04"]
[Round "1.4"]
[White "Zlamal, Marek"]
[Black "Ulehla, Jakub"]
[Result "0-1"]
[WhiteElo "1697"]
[BlackElo "1644"]
[PlyCount "36"]
[EventDate "2015.??.??"]

1. d4 d5 2. e3 Nf6 3. c4 c6 4. Nc3 e6 5. Bd2 Bd6 6. Bd3 Nbd7 7. Nge2 O-O 8. O-O
e5 9. cxd5 cxd5 10. dxe5 Nxe5 11. Bc2 Be6 12. Nf4 Rc8 13. Bb3 Nc4 14. Bxc4 Bxf4
15. Bd3 Bxh2+ 16. Kxh2 Ng4+ 17. Kg3 Qg5 18. e4 Ne3+ 0-1

[Event "SR 4. liga A21 2015/2016"]
[Site "?"]
[Date "2015.10.04"]
[Round "1.4"]
[White "Buran, Andrej ml"]
[Black "Bartos, Bohumil"]
[Result "0-1"]
[WhiteElo "1595"]
[BlackElo "1675"]
[PlyCount "48"]
[EventDate "2015.??.??"]

1. e4 c5 2. Nf3 Nc6 3. d4 cxd4 4. Nxd4 Nf6 5. f3 e5 6. Nb3 d5 7. exd5 Nxd5 8.
c4 Bb4+ 9. Bd2 Ne3 10. Qc1 Bf5 11. Na3 Nxf1 12. Rxf1 Qh4+ 13. Rf2 Qxh2 14. Bxb4
Nxb4 15. Ke2 Nd3 16. Qg5 Nxf2 17. Kxf2 Bg6 18. Nc5 O-O 19. Nd7 f6 20. Qg4 Rfd8
21. Rd1 Qh5 22. Qe6+ Kh8 23. Nxf6 Qh4+ 24. Ke2 Qxf6 0-1

[Event "SR 4. liga A21 2015/2016"]
[Site "?"]
[Date "2015.10.04"]
[Round "1.4"]
[White "Danihel, Jozef"]
[Black "Trojkova, Michaela"]
[Result "0-1"]
[WhiteElo "1589"]
[BlackElo "1522"]
[PlyCount "98"]
[EventDate "2015.??.??"]

1. d4 f5 2. c4 Nf6 3. Nc3 e6 4. a3 Be7 5. Nf3 O-O 6. e3 d6 7. Bd3 h6 8. b3 Nbd7
9. Qc2 c6 10. Bb2 d5 11. c5 Ne4 12. Ne2 g5 13. Ne5 Nxe5 14. dxe5 Nxc5 15. g4
Nxd3+ 16. Qxd3 Qe8 17. gxf5 Rxf5 18. f4 gxf4 19. Rg1+ Rg5 20. Kd2 fxe3+ 21.
Qxe3 Rxg1 22. Rxg1+ Kh7 23. Qd3+ Kh8 24. Qg3 Bg5+ 25. Kd1 Qf7 26. h4 Be7 27.
Nf4 Bc5 28. Ng6+ Kh7 29. Rg2 Bd7 30. h5 Qf5 31. Nf8+ Qxf8 32. Qd3+ Qf5 33.
Qxf5+ exf5 34. e6 d4 35. exd7 Rd8 36. Rg6 Rxd7 37. Bc1 Rd6 38. b4 Bxb4 39. axb4
Rxg6 40. hxg6+ Kxg6 41. Ke2 h5 42. Kf3 Kf6 43. Kf4 Ke6 44. Bb2 Kd5 45. Bc1 Kc4
46. Ke5 d3 47. Bd2 h4 48. Kf4 Kb3 49. Kf3 Kc2 0-1

[Event "SR 4. liga A21 2015/2016"]
[Site "?"]
[Date "2015.10.04"]
[Round "1.5"]
[White "Bjel, Lubos"]
[Black "Sobek, Michal"]
[Result "0-1"]
[WhiteElo "1809"]
[BlackElo "1837"]
[PlyCount "62"]
[EventDate "2015.??.??"]

1. e4 e5 2. Nf3 Nc6 3. Bc4 Nf6 4. Ng5 d5 5. exd5 Na5 6. d3 Nxc4 7. dxc4 Bc5 8.
Be3 Bxe3 9. fxe3 Ng4 10. Nf3 e4 11. Nd4 Qg5 12. Qe2 Qxe3 13. Qxe3 Nxe3 14. Nd2
O-O 15. Kf2 Ng4+ 16. Ke2 f5 17. Raf1 Bd7 18. c5 Ne5 19. h3 Rae8 20. Ke3 Ng6 21.
g3 Ne7 22. c4 Ng6 23. b4 Ne5 24. N2b3 Nxc4+ 25. Ke2 a6 26. c6 bxc6 27. dxc6 Bc8
28. Nc5 Ne5 29. Rf2 Rf6 30. Rhf1 Nxc6 31. Nxf5 Rxf5 0-1

[Event "SR 4. liga A21 2015/2016"]
[Site "?"]
[Date "2015.10.04"]
[Round "1.5"]
[White "Nemeckay, Rastislav"]
[Black "Orvisky, Vladimir"]
[Result "1-0"]
[WhiteElo "1983"]
[BlackElo "1789"]
[PlyCount "111"]
[EventDate "2015.??.??"]

1. e4 Nf6 2. e5 Nd5 3. d4 d6 4. exd6 exd6 5. c4 Nb6 6. Nf3 Bg4 7. Be2 Be7 8.
O-O O-O 9. b3 Bf6 10. Bb2 Nc6 11. Nbd2 Bf5 12. a3 a5 13. Re1 Re8 14. Nf1 Nd7
15. Ne3 Bg6 16. Nd5 Be7 17. Bd3 Bxd3 18. Qxd3 Rc8 19. Re2 Nf6 20. Nxe7+ Nxe7
21. d5 Ng6 22. Rxe8+ Nxe8 23. Re1 Qd7 24. Qc3 Nf6 25. Qxa5 b6 26. Qd2 Qd8 27.
Qg5 Ne8 28. Qf5 Ne7 29. Qe4 Ng6 30. Nd4 Nf6 31. Qf5 Qf8 32. Nf3 Re8 33. Bxf6
Rxe1+ 34. Nxe1 gxf6 35. Qxf6 Qe8 36. Qc3 Qe4 37. Qe3 Qg4 38. h3 Qd1 39. Kh2 Kf8
40. Nf3 Qa1 41. a4 Qf6 42. Nd4 Ne5 43. Nb5 Qh4 44. Qg3 Qe7 45. Qf4 Ng6 46. Qd4
Ne5 47. b4 Qd8 48. c5 bxc5 49. bxc5 Qe7 50. c6 Qd8 51. f4 Ng6 52. Nc3 Qe7 53.
a5 Qe1 54. a6 Qa1 55. a7 Nh4 56. a8=Q+ 1-0

[Event "SR 4. liga A21 2015/2016"]
[Site "?"]
[Date "2015.10.04"]
[Round "1.5"]
[White "Bjel, Jan"]
[Black "Celustkova, Lubica"]
[Result "1-0"]
[WhiteElo "1820"]
[BlackElo "1686"]
[PlyCount "45"]
[EventDate "2015.??.??"]

1. e4 c5 2. Nf3 Nc6 3. d4 cxd4 4. Nxd4 g6 5. Nxc6 bxc6 6. Qd4 Nf6 7. e5 Nh5 8.
Bc4 Ng7 9. Nc3 Nf5 10. Qf4 Bh6 11. Qf3 O-O 12. Bxh6 Nxh6 13. Qf4 Kg7 14. O-O-O
Qb6 15. h4 Rb8 16. Bb3 c5 17. Nd5 Qd8 18. h5 Rh8 19. g4 f6 20. g5 fxg5 21. Qxg5
Nf5 22. Rdg1 Qe8 23. Qxf5 1-0

[Event "SR 4. liga A21 2015/2016"]
[Site "?"]
[Date "2015.10.04"]
[Round "1.5"]
[White "Klimes, Karel"]
[Black "Kosiarcik, Maximilian"]
[Result "0-1"]
[WhiteElo "1705"]
[BlackElo "1789"]
[PlyCount "90"]
[EventDate "2015.??.??"]

1. e4 e5 2. Nf3 Nc6 3. Bc4 Bc5 4. c3 Qe7 5. b4 Bb6 6. d3 d6 7. Bg5 Nf6 8. Nbd2
Bg4 9. Bd5 O-O 10. O-O Nd8 11. Nc4 c6 12. Nxb6 axb6 13. Bb3 Ne6 14. Be3 b5 15.
h3 Bh5 16. g3 d5 17. exd5 cxd5 18. g4 Bg6 19. Nxe5 Rfc8 20. Rc1 Rd8 21. d4 Ne4
22. Qf3 Rac8 23. Nxg6 hxg6 24. Bxd5 Nxc3 25. Bxe6 Qxe6 26. Rc2 Nxa2 27. d5 Qa6
28. Rxc8 Rxc8 29. Ra1 Ra8 30. d6 Qxd6 31. Qxb7 Qa6 32. Qe4 Qc8 33. Qd5 Qa6 34.
Bd4 Qa3 35. Qxb5 Qxh3 36. Qe2 Rc8 37. b5 Nc1 38. Qe5 Qxg4+ 39. Kh2 f6 40. Qe3
Ne2 41. Rd1 Nf4 42. Qg3 Qxd1 43. Qxf4 Qh5+ 44. Kg2 Qxb5 45. Qe4 Qc6 0-1

[Event "SR 4. liga A21 2015/2016"]
[Site "?"]
[Date "2015.10.04"]
[Round "1.5"]
[White "Lajda, Dusan"]
[Black "Wallner, Juraj"]
[Result "1-0"]
[WhiteElo "1795"]
[BlackElo "1565"]
[PlyCount "117"]
[EventDate "2015.??.??"]

1. e4 c5 2. Nf3 e6 3. d4 d5 4. exd5 exd5 5. Be2 Nf6 6. O-O Be7 7. Nc3 O-O 8.
Bg5 Be6 9. dxc5 Bxc5 10. Nd4 Nc6 11. Be3 Be7 12. Bf3 Ne5 13. Be2 a6 14. Re1 Nc6
15. a3 Rc8 16. Nb3 Na5 17. Nxa5 Qxa5 18. Bd4 Qc7 19. Bf3 Rfd8 20. Qe2 Qd7 21.
Rad1 Qc6 22. Qe3 Rd7 23. Bxf6 gxf6 24. Bxd5 Bxd5 25. Nxd5 Bc5 26. Qf3 Kg7 27.
Qg4+ Kh8 28. Qf5 Rd6 29. Nc3 Rg8 30. g3 Bxa3 31. Rxd6 Bxd6 32. Nd5 Bc5 33.
Qxf6+ Qxf6 34. Nxf6 Rd8 35. Re2 Rd1+ 36. Kg2 Bd4 37. Nh5 h6 38. c3 Bb6 39. Nf4
Rd7 40. h4 Kg7 41. Kf3 Bc7 42. g4 Kf6 43. b3 b5 44. c4 bxc4 45. bxc4 a5 46.
Nd5+ Kg7 47. Ke4 Bd8 48. h5 Rd6 49. Kd3 Bb6 50. Kc3 Bc5 51. Kb3 Ra6 52. Ka4 Ra7
53. Kb5 Bd4 54. f3 a4 55. Ra2 a3 56. c5 Kf8 57. c6 Ke8 58. Nb6 Kd8 59. Nc4 1-0

[Event "SR 4. liga A21 2015/2016"]
[Site "?"]
[Date "2015.10.04"]
[Round "1.6"]
[White "Pericka, Tomas"]
[Black "Sefcik, Marek"]
[Result "1/2-1/2"]
[WhiteElo "2015"]
[BlackElo "2048"]
[PlyCount "91"]
[EventDate "2015.??.??"]

1. e4 d5 2. exd5 Qxd5 3. Nc3 Qd8 4. d4 Nf6 5. Be3 c6 6. Bd3 Bg4 7. f3 Bh5 8.
Nge2 e6 9. Nf4 Nbd7 10. Qe2 Bg6 11. O-O-O Bb4 12. Ne4 Nd5 13. c3 Nxe3 14. Qxe3
Be7 15. Nxg6 hxg6 16. Qf4 Nf6 17. Nxf6+ Bxf6 18. Kb1 Qa5 19. Qd6 Rd8 20. Qg3
Rh5 21. f4 Rh4 22. Qf3 Qh5 23. Qxh5 Rxh5 24. h3 Kd7 25. Kc2 Kc7 26. Kd2 g5 27.
f5 e5 28. dxe5 Bxe5 29. Ke2 b5 30. c4 b4 31. b3 Rh4 32. Bc2 Bd4 33. g3 Rh6 34.
h4 gxh4 35. Rxh4 Rxh4 36. gxh4 Re8+ 37. Kf1 Bf6 38. Re1 Rh8 39. Re4 Bxh4 40. c5
a5 41. Bd3 Bf6 42. Kg2 Rd8 43. Bc4 Rd2+ 44. Re2 Rd7 45. Kf3 Bd4 46. Rd2 1/2-1/2

[Event "SR 4. liga A21 2015/2016"]
[Site "?"]
[Date "2015.10.04"]
[Round "1.6"]
[White "Skapik, Branislav"]
[Black "Chabada, Tomas"]
[Result "0-1"]
[WhiteElo "1881"]
[BlackElo "1928"]
[PlyCount "86"]
[EventDate "2015.??.??"]

1. Nf3 Nf6 2. g3 g6 3. Bg2 Bg7 4. O-O O-O 5. d4 d6 6. Nc3 c6 7. Bf4 Nh5 8. Bg5
f6 9. Bd2 e5 10. e4 Bg4 11. Ne2 Qd7 12. dxe5 fxe5 13. Ne1 Na6 14. f3 Bh3 15. g4
Bxg2 16. Nxg2 Nf6 17. Bc3 Rad8 18. Ng3 Nc5 19. a4 Ne6 20. Qe2 Bh6 21. Rad1 Qe7
22. Qc4 d5 23. exd5 cxd5 24. Qb3 Nc5 25. Bb4 Qc7 26. Qc3 b6 27. Ba3 d4 28. Qc4+
Qf7 29. Qe2 Rfe8 30. Ne4 Nfxe4 31. fxe4 Qe6 32. Rf3 Nxa4 33. Rdf1 Nc5 34. Rf6
Qc8 35. Rf7 Rd7 36. Qc4 Rxf7 37. Qxf7+ Kh8 38. Qxa7 Nxe4 39. h3 Qxc2 40. Qf7
Qc8 41. Be7 Bg7 42. g5 Qd7 43. Qf3 Nd2 0-1

[Event "SR 4. liga A21 2015/2016"]
[Site "?"]
[Date "2015.10.04"]
[Round "1.6"]
[White "Husek, Lubomir"]
[Black "Pericka, Pavol"]
[Result "1-0"]
[WhiteElo "1904"]
[BlackElo "1799"]
[PlyCount "59"]
[EventDate "2015.??.??"]

1. e4 e5 2. Nf3 Nc6 3. Bb5 a6 4. Ba4 Nf6 5. O-O Be7 6. Re1 O-O 7. c3 d5 8. exd5
Qxd5 9. Bxc6 Qxc6 10. Nxe5 Qd6 11. d4 Be6 12. Nd2 Rad8 13. Ndf3 Ng4 14. Bf4 Qb6
15. Nxg4 Bxg4 16. Rxe7 Qf6 17. Bg5 Bxf3 18. Bxf6 Bxd1 19. Rxd1 gxf6 20. Rxc7
Rfe8 21. Kf1 b5 22. Re1 Kf8 23. Rxe8+ Rxe8 24. Rc6 Re6 25. Rxe6 fxe6 26. Ke2
Ke7 27. Ke3 Kd6 28. Ke4 h6 29. g4 a5 30. f4 1-0

[Event "SR 4. liga A21 2015/2016"]
[Site "?"]
[Date "2015.10.04"]
[Round "1.6"]
[White "Brath, Zdeno"]
[Black "Kovarik, Oto"]
[Result "0-1"]
[WhiteElo "1485"]
[BlackElo "1820"]
[PlyCount "74"]
[EventDate "2015.??.??"]

1. e4 c5 2. Bc4 e6 3. Nc3 Nc6 4. Nf3 a6 5. d4 cxd4 6. Nxd4 Qc7 7. Nf3 Nf6 8.
Bd3 Be7 9. Be3 O-O 10. Ne2 d5 11. exd5 exd5 12. h3 b5 13. O-O Bb7 14. Ned4 Nxd4
15. Bxd4 Ne4 16. Nh2 Bd6 17. Ng4 f5 18. Ne3 Rad8 19. Bxe4 dxe4 20. c3 f4 21.
Ng4 h5 22. Nh6+ Kh7 23. Qxh5 gxh6 24. Rae1 Qf7 25. Qd1 Qg6 26. f3 exf3 27. Rxf3
Bxf3 28. Qxf3 Rf7 29. Re2 Bf8 30. b3 Bg7 31. Qe4 Qxe4 32. Rxe4 Bxd4+ 33. cxd4
Rfd7 34. Rxf4 Rxd4 35. Rf7+ Kg6 36. Ra7 R8d6 37. a3 Rd3 0-1

[Event "SR 4. liga A21 2015/2016"]
[Site "?"]
[Date "2015.10.18"]
[Round "2.1"]
[White "Pribila, Gerhard"]
[Black "Sefcik, Marek"]
[Result "1-0"]
[WhiteElo "2083"]
[BlackElo "2048"]
[PlyCount "49"]
[EventDate "2015.??.??"]

1. e4 c6 2. Nc3 e5 3. Nf3 d6 4. d4 Qc7 5. a4 a5 6. h3 Be7 7. Bc4 Nf6 8. O-O O-O
9. Qe2 Nbd7 10. Rd1 h6 11. Ba2 Re8 12. Qc4 Rf8 13. Qe2 Re8 14. Be3 Nf8 15. Qc4
Ne6 16. Qb3 Ra6 17. Qc4 Bf8 18. Qd3 g6 19. Bc4 Ra8 20. d5 Nd8 21. Ra3 c5 22.
Bb5 Bd7 23. Nd2 Bxb5 24. Nxb5 Qe7 25. Nc4 1-0

[Event "SR 4. liga A21 2015/2016"]
[Site "?"]
[Date "2015.10.18"]
[Round "2.1"]
[White "Horak, Ivan"]
[Black "Kubis, Ivan"]
[Result "1-0"]
[WhiteElo "2028"]
[BlackElo "1949"]
[PlyCount "117"]
[EventDate "2015.??.??"]

1. e4 e5 2. Nf3 Nc6 3. Bb5 a6 4. Ba4 Nf6 5. O-O b5 6. Bb3 Be7 7. Re1 O-O 8. h3
Bb7 9. d3 d6 10. c3 Na5 11. Bc2 c5 12. d4 Qc7 13. d5 Nc4 14. a4 b4 15. b3 Nb6
16. c4 Rfe8 17. Nbd2 Bf8 18. Nf1 g6 19. Bg5 Bg7 20. Qd2 Qe7 21. Ng3 Qf8 22. Nh2
h6 23. Be3 Bc8 24. Rf1 Ra7 25. Rad1 g5 26. Qe2 Bd7 27. Bc1 Nc8 28. Rd3 Ne7 29.
Nh5 Nxh5 30. Qxh5 Ng6 31. g3 Bc8 32. Kg2 Qe7 33. Ng4 Bxg4 34. hxg4 a5 35. Rh1
Rb7 36. Rf3 Nh8 37. Rf5 f6 38. f4 Qf7 39. Qh3 Qg6 40. fxg5 fxg5 41. Rhf1 Rf7
42. Bd1 Ref8 43. Be3 Rc7 44. Qh1 Qe8 45. Qg1 Ng6 46. Qh2 Rcf7 47. Bxg5 Rxf5 48.
gxf5 hxg5 49. Rh1 Nh4+ 50. gxh4 gxh4 51. Qxh4 Rf6 52. Qh7+ Kf8 53. Bh5 Qe7 54.
Bg6 Qd7 55. Qh5 Qe7 56. Qg4 Qc7 57. Rh7 Kg8 58. Qh4 Qe7 59. Kf3 1-0

[Event "SR 4. liga A21 2015/2016"]
[Site "?"]
[Date "2015.10.18"]
[Round "2.1"]
[White "Valla, Tomas"]
[Black "Chabada, Tomas"]
[Result "0-1"]
[WhiteElo "1808"]
[BlackElo "1928"]
[PlyCount "32"]
[EventDate "2015.??.??"]

1. b3 e5 2. Bb2 Nc6 3. e3 d5 4. Bb5 Bd6 5. Nf3 Qe7 6. d4 e4 7. Ne5 Bd7 8. Nxd7
Qxd7 9. Ba3 Nf6 10. Bxd6 Qxd6 11. O-O h5 12. f4 exf3 13. Qxf3 O-O-O 14. Nd2 Ng4
15. g3 Qb4 16. Bxc6 Qxd2 0-1

[Event "SR 4. liga A21 2015/2016"]
[Site "?"]
[Date "2015.10.18"]
[Round "2.1"]
[White "Husek, Lubomir"]
[Black "Zajicek, Ferdinand"]
[Result "1-0"]
[WhiteElo "1904"]
[BlackElo "1760"]
[PlyCount "58"]
[EventDate "2015.??.??"]

1. e4 c5 2. Nf3 Nc6 3. d4 cxd4 4. Nxd4 Nf6 5. Nc3 g6 6. Be3 d6 7. Be2 Bg7 8.
O-O O-O 9. Rb1 Bd7 10. f3 Qb6 11. Nf5 Qd8 12. Nxg7 Kxg7 13. Qd2 Ng8 14. Nd5 h6
15. f4 f5 16. Bf3 Be6 17. a3 Nf6 18. Nxf6 Rxf6 19. Rfe1 Rf7 20. h3 Qc7 21. b4
a6 22. c4 Rc8 23. Rbc1 Kh7 24. b5 Na5 25. b6 Nxc4 26. bxc7 Nxd2 27. Bxd2 Bd7
28. e5 dxe5 29. Bxb7 exf4 1-0

[Event "SR 4. liga A21 2015/2016"]
[Site "?"]
[Date "2015.10.18"]
[Round "2.1"]
[White "Papanek, Lubomir"]
[Black "Kovarik, Oto"]
[Result "0-1"]
[WhiteElo "1647"]
[BlackElo "1820"]
[PlyCount "74"]
[EventDate "2015.??.??"]

1. d4 d5 2. c4 e6 3. Nf3 Nf6 4. e3 b6 5. Nc3 Bb7 6. Bd3 Be7 7. O-O O-O 8. cxd5
exd5 9. Re1 Nbd7 10. e4 dxe4 11. Nxe4 Nxe4 12. Bxe4 Bxe4 13. Rxe4 Nf6 14. Re1
c5 15. Bg5 h6 16. Bxf6 Bxf6 17. dxc5 bxc5 18. Qxd8 Rfxd8 19. Rab1 c4 20. b3 c3
21. Rbc1 a5 22. Rc2 Rd3 23. h3 Rad8 24. Ree2 g5 25. Kf1 Kg7 26. Re3 Rd1+ 27.
Re1 h5 28. Rxd1 Rxd1+ 29. Ke2 Rd5 30. g4 Kg6 31. Rc1 Bg7 32. Rd1 Rc5 33. Ne1
Rc6 34. Nc2 f5 35. gxf5+ Kxf5 36. Nd4+ Bxd4 37. Rxd4 c2 0-1

[Event "SR 4. liga A21 2015/2016"]
[Site "?"]
[Date "2015.10.18"]
[Round "2.2"]
[White "Sobek, Michal"]
[Black "Sadlon, Juraj"]
[Result "1/2-1/2"]
[WhiteElo "1837"]
[BlackElo "1835"]
[PlyCount "91"]
[EventDate "2015.??.??"]

1. e4 e5 2. Nf3 Nc6 3. Bb5 a6 4. Ba4 b5 5. Bb3 Nf6 6. O-O d6 7. Re1 Be7 8. c3
O-O 9. h3 Na5 10. Bc2 c5 11. d4 cxd4 12. cxd4 Qc7 13. Nc3 Bb7 14. d5 Rac8 15.
Bb1 Nc4 16. b3 Nb6 17. Ne2 Nbd7 18. Ng3 g6 19. Bh6 Rfe8 20. a3 Qc3 21. Ra2 Qc7
22. h4 Nc5 23. h5 Ng4 24. Bg5 f6 25. hxg6 hxg6 26. Nh4 fxg5 27. Qxg4 gxh4 28.
Qxg6+ Kh8 29. Nh5 Bf8 30. Qf6+ Kh7 31. Qxh4 Qe7 32. Nf6+ Kg6 33. Re3 Qxf6 34.
Rg3+ Kf7 35. Rf3 Qxf3 36. gxf3 Nxb3 37. Rc2 Nd4 38. Rxc8 Rxc8 39. Qh5+ Kg8 40.
Qg5+ Bg7 41. Qe7 Rc1+ 42. Kg2 Rxb1 43. Qxb7 Rb3 44. Qc8+ Kh7 45. Qxa6 Rxf3 46.
Qxd6 1/2-1/2

[Event "SR 4. liga A21 2015/2016"]
[Site "?"]
[Date "2015.10.18"]
[Round "2.2"]
[White "Skapikova, Lubica"]
[Black "Klimes, Karel"]
[Result "1-0"]
[WhiteElo "1902"]
[BlackElo "1705"]
[PlyCount "94"]
[EventDate "2015.??.??"]

1. e4 e5 2. Nf3 Nc6 3. Bb5 a6 4. Ba4 b5 5. Bb3 Be7 6. O-O Nf6 7. c3 O-O 8. d3
d6 9. Nbd2 Bg4 10. h3 Be6 11. Bxe6 fxe6 12. a4 Nd7 13. axb5 axb5 14. Rxa8 Qxa8
15. Qb3 Nc5 16. Qxb5 Rb8 17. Qc4 Na5 18. Qa2 Nxd3 19. Qxe6+ Kf8 20. b4 Nc6 21.
Nc4 h6 22. Bd2 Nd8 23. Qf5+ Kg8 24. Ne3 Nf4 25. g3 Ne2+ 26. Kg2 Qc6 27. Nd5 Bf8
28. Re1 Qc4 29. Qg6 Kh8 30. Nh4 c6 31. Qe8 Kh7 32. Qxf8 cxd5 33. Qf5+ Kg8 34.
Ng6 Nf7 35. Ne7+ Kf8 36. Nxd5 Qd3 37. Ra1 Nxg3 38. fxg3 Qxd2+ 39. Kh1 Qg5 40.
Qf2 Qg6 41. Qf3 Qe6 42. Kg2 Kg8 43. Ra7 Ng5 44. Qf5 Re8 45. h4 Qxf5 46. exf5
Ne4 47. c4 Rc8 1-0

[Event "SR 4. liga A21 2015/2016"]
[Site "?"]
[Date "2015.10.18"]
[Round "2.2"]
[White "Wallner, Juraj"]
[Black "Skapik, Branislav"]
[Result "0-1"]
[WhiteElo "1565"]
[BlackElo "1881"]
[PlyCount "56"]
[EventDate "2015.??.??"]

1. e4 e6 2. d4 d5 3. exd5 exd5 4. Nc3 Nf6 5. Nf3 Bb4 6. a3 Bxc3+ 7. bxc3 O-O 8.
Be2 Ne4 9. c4 Re8 10. Bb2 dxc4 11. O-O c3 12. Bc1 Nd7 13. h3 Ndf6 14. Re1 Be6
15. Bd3 Bd5 16. Ne5 c5 17. f3 Ng3 18. dxc5 Qc7 19. Bf4 Qxc5+ 20. Kh2 Ngh5 21.
Bc1 Qf2 22. Qe2 Qg3+ 23. Kh1 Nd7 24. Nxd7 Rxe2 25. Rxe2 Rd8 26. Nc5 Qc7 27. Ne4
Bxe4 28. Rxe4 Ng3+ 0-1

[Event "SR 4. liga A21 2015/2016"]
[Site "?"]
[Date "2015.10.18"]
[Round "2.2"]
[White "Sadlon, Matus"]
[Black "Tomasovic, Roman"]
[Result "1-0"]
[WhiteElo "1657"]
[BlackElo "1532"]
[PlyCount "60"]
[EventDate "2015.??.??"]

1. e4 e5 2. Nf3 Nc6 3. Bb5 Bc5 4. O-O Qe7 5. c3 a6 6. Ba4 b5 7. Bc2 Nf6 8. d4
Bb6 9. Bg5 d6 10. h3 Bb7 11. Re1 h6 12. Bh4 g5 13. Bg3 O-O-O 14. a4 bxa4 15.
Rxa4 g4 16. hxg4 Nxg4 17. d5 Nb8 18. Nbd2 h5 19. Bh4 f6 20. b4 c6 21. Nc4 Rdg8
22. Re2 Qg7 23. g3 Qc7 24. Qd3 cxd5 25. exd5 Nd7 26. Ncd2 f5 27. Ng5 e4 28. Qc4
Qxc4 29. Nxc4 Kc7 30. Nxb6 Kxb6 {nedá sa prehra} 1-0

[Event "SR 4. liga A21 2015/2016"]
[Site "?"]
[Date "2015.10.18"]
[Round "2.2"]
[White "Vozarova, Adriana"]
[Black "Svarc, Vaclav"]
[Result "1-0"]
[WhiteElo "1422"]
[BlackElo "1113"]
[PlyCount "97"]
[EventDate "2015.??.??"]

1. e4 e5 2. Nf3 Nc6 3. Bb5 Nf6 4. O-O Bb4 5. c3 Bc5 6. Re1 d6 7. h3 O-O 8. d4
Bb6 9. Bg5 d5 10. dxe5 dxe4 11. Nbd2 Qe7 12. Rxe4 Rd8 13. Re1 Bf5 14. exf6 Qc5
15. Qe2 Bd3 16. Bxd3 h6 17. Be3 Qd5 18. Bc4 Qd6 19. Bxb6 cxb6 20. Ne4 Qd7 21.
Rad1 Qe8 22. fxg7 Kxg7 23. Rxd8 Rxd8 24. Ng3 Kf8 25. Qxe8+ Rxe8 26. Rxe8+ Kxe8
27. Kf1 a5 28. Bb5 a4 29. Bxa4 Kd8 30. Bxc6 bxc6 31. Ke2 Kd7 32. Kd3 Kd6 33.
Nf5+ Kd5 34. Nxh6 b5 35. Nxf7 c5 36. N7e5 c4+ 37. Ke3 Kc5 38. b3 cxb3 39. axb3
Kb6 40. h4 Ka5 41. h5 b4 42. cxb4+ Kxb4 43. h6 Kxb3 44. h7 Kc3 45. h8=Q Kc2 46.
Qc8+ Kb2 47. Nd3+ Kb3 48. Nd4+ Ka4 49. Qa8# 1-0

[Event "SR 4. liga A21 2015/2016"]
[Site "?"]
[Date "2015.10.18"]
[Round "2.3"]
[White "Diviak, Rudolf"]
[Black "Hirmajer, Jan"]
[Result "0-1"]
[WhiteElo "1811"]
[BlackElo "1925"]
[PlyCount "60"]
[EventDate "2015.??.??"]

1. e4 c5 2. Bc4 Nc6 3. c3 g6 4. Nf3 Bg7 5. Qe2 Qb6 6. O-O d6 7. Bb5 Bg4 8. Ba4
Nf6 9. d3 O-O 10. Re1 Nd7 11. h3 Bxf3 12. Qxf3 Nde5 13. Qe2 Qa6 14. Bc2 b5 15.
f4 Nd7 16. Nd2 b4 17. cxb4 Nd4 18. Qd1 cxb4 19. Bb1 Rac8 20. Nc4 Nb6 21. Be3
Nxc4 22. dxc4 Qxc4 23. Bd3 Qc5 24. Ba6 Rcd8 25. Qd3 e5 26. f5 gxf5 27. exf5 e4
28. Qxe4 Rfe8 29. Qd3 Rxe3 30. Rxe3 Nxf5 0-1

[Event "SR 4. liga A21 2015/2016"]
[Site "?"]
[Date "2015.10.18"]
[Round "2.3"]
[White "Bjel, Lubos"]
[Black "Trojkova, Michaela"]
[Result "1/2-1/2"]
[WhiteElo "1809"]
[BlackElo "1522"]
[PlyCount "48"]
[EventDate "2015.??.??"]

1. e4 c5 2. Nc3 Nc6 3. d3 g6 4. f4 d6 5. Nf3 Bg7 6. Bd2 Nf6 7. Be2 Bd7 8. O-O
O-O 9. Qe1 Qb6 10. e5 dxe5 11. fxe5 Ng4 12. Na4 Qb5 13. b3 Ncxe5 14. Nxe5 Bxe5
15. Nc3 Bxc3 16. Bxc3 Ne3 17. d4 Qb6 18. Qd2 Nxf1 19. Rxf1 cxd4 20. Bxd4 Qd6
21. Qe3 b6 22. Be5 Qc5 23. Bd4 Qd6 24. Be5 Qc5 1/2-1/2